Las Lanzas del crepúsculo : (Registro nro. 1940)

000 -CABECERA
campo de control de longitud fija 01320nam a22001817a 4500
005 - FECHA Y HORA DE LA ÚLTIMA TRANSACCIÓN
campo de control 20210725205833.0
008 - DATOS DE LONGITUD FIJA--INFORMACIÓN GENERAL
campo de control de longitud fija 210725s2005 ar a|||| |||| 00| 0 spa d
040 ## - FUENTE DE LA CATALOGACIÓN
Centro/agencia transcriptor CAAAP
050 ## - SIGNATURA TOPOGRÁFICA DE LA BIBLIOTECA DEL CONGRESO
Número de clasificación FP 82.M3
Número de documento/Ítem D61
100 1# - ENTRADA PRINCIPAL--NOMBRE DE PERSONA
9 (RLIN) 1377
Nombre personal Descola, Philippe
245 ## - MENCIÓN DE TÍTULO
Título Las Lanzas del crepúsculo :
Subtitulo relatos jíbaros. Alta Amazonia /
Mención de responsabilidad, etc. Philippe Descola
260 ## - PUBLICACIÓN, DISTRIBUCIÓN, ETC.
Lugar de publicación, distribución, etc. Argentina:
Nombre del editor, distribuidor, etc. Fondo de Cultura Económica,
Fecha de publicación, distribución, etc. 2005.
300 ## - DESCRIPCIÓN FÍSICA
Extensión 450 p.
Otras características físicas il.
505 0# - NOTA DE CONTENIDO CON FORMATO
Nota de contenido con formato Primera parte. ADAPTARSE A LA SELVA. I. Aprendizajes. II. Temprano en la mañana. III. Rumores pueblerinos. IV. Calma. V. Tráficos. VI. La magia de los huertos. VII. Sueños. VIII. Cacería. IX. El espejo de las aguas. -- Segunda parte. HISTORIAS DE AFINIDAD. X. Amistades selectivas. XI. Visita a la gente del río. XII. El amor en plural. XIII. Imágenes del afuera, imágenes del adentro. XIV Camino hacia el bajo. XV. A cada cual lo que se debe. XVI. Fiesta de bebida. XVII. El arte de adaptar a los enemigos. XVIII. Escenas en una casa de guerra. -- Tercera parte. VISIONES. XIX. Senderos de la revelación. XX. El canto del chamán. XXI. Artesanos de lo imaginario. XXII. Palabras del evangelio. XXIII. Muertos y vivos.<br/>XXIV. Desenlace.
650 #0 - PUNTO DE ACCESO ADICIONAL DE MATERIA--TÉRMINO DE MATERIA
9 (RLIN) 2387
Término de materia o nombre geográfico como elemento de entrada Indígenas achuar
Subdivisión general Condiciones sociales
650 #0 - PUNTO DE ACCESO ADICIONAL DE MATERIA--TÉRMINO DE MATERIA
9 (RLIN) 1105
Término de materia o nombre geográfico como elemento de entrada Identidad Cultural
942 ## - ELEMENTOS PERSONALIZADOS KOHA
Fuente del sistema de clasificación o colocación
Fecha de catalogación DD - MM - AA
Tipo de ítem Koha Libros
Existencias
Fuente del sistema de clasificación o colocación Localización permanente Ubicación/localización actual Fecha de adquisición Total de préstamos Signatura LC Fecha visto por última vez Tipo de ítem Koha
  CENTRO DE DOCUMENTACIÓN (CENDOC) CENTRO DE DOCUMENTACIÓN (CENDOC) 07/25/2021   FP 82.M3 D61 07/25/2021 Libros
Centro de Documentación CAAAP | AV. Manuel González Prada 626, Magdalena del Mar | (51-1) 4615223 Anexo 205 y 209 | cendoc@caaap.org.pe